الكويت وتحديات مرحلة إعادة البناء / al-Kuwayt wa-taḥaddīyāt marḥalat iʻādat al-bināʼ

محفوظ في:

المؤلف الرئيسي: Aḥmad al-Khājah.

التنسيق: كتاب

اللغة: Undetermined

منشور في: Cairo Jāmiʻat al-Qāhirah, Kullīyat al-Iqtiṣād wa-al-ʻUlūm al-Siyāsīyah, Markaz al-Buḥūth wa-al-Dirāsāt al-Siyāsīyah 1992

الموضوعات:

الوسوم: إضافة وسم

لا توجد وسوم, كن أول من يضع وسما على هذه التسجيلة!

رقم الطلب: O60 MARK

LEADER 00718nam a2200169Ia 4500
008 240404s9999||||xx |||||||||||||| ||und||
050 4 |a O60 MARK 
100 1 |a Aḥmad al-Khājah. 
245 1 0 |a الكويت وتحديات مرحلة إعادة البناء / al-Kuwayt wa-taḥaddīyāt marḥalat iʻādat al-bināʼ  |c Aḥmad al-Khājah 
264 1 |a Cairo  |b Jāmiʻat al-Qāhirah, Kullīyat al-Iqtiṣād wa-al-ʻUlūm al-Siyāsīyah, Markaz al-Buḥūth wa-al-Dirāsāt al-Siyāsīyah  |c 1992 
300 |a 387  |c 24 
650 4 |a Crise du golfe Persique, 1990-1991 
650 4 |a Economic history 
650 4 |a Iraq-Kuwait Crisis, 1990-1991 
650 4 |a Koweït Conditions économiques 1991- 
942 |2 lcc  |c BK 
999 |c 58135  |d 58135